Les équipes victimes de Bradley Barcola - Statistiques

Statistiques générales
  • Ce quiz a été pris 156 fois
    55 depuis la dernière actualisation
  • Le résultat moyen est 13 sur 26
Statistiques - réponses
Nombre de buts Club ou International Pays (du club) Équipe % Correct
1 Club France Olympique de Marseille
85%
1 Club Angleterre Manchester City
79%
4 Club France Stade Rennais
79%
4 Club France Lens
77%
3 Club France Lille
77%
1 Club France Stade Brestois
77%
2 Club France Strasbourg
74%
1 Club France Toulouse
70%
1 Club France Nice
68%
1 Club France Nantes
64%
2 Club France Stade de Reims
62%
1 Club Angleterre Liverpool
60%
1 Club France Metz
60%
2 Club France Montpellier
57%
2 Club France Le Havre
55%
1 Club Espagne Real Sociedad
55%
3 Club France Angers
51%
1 International - Italie
40%
1 Club Allemagne Stuttgart
32%
1 Club France Troyes
26%
1 International - Islande
17%
1 International - Israël
13%
1 Club France Le Mans
13%
1 Club France Espaly
11%
1 Club France Grenoble
11%
1 Club France Paris Saint-Germain
11%
Aucun quiz correspondant
Distribution des résultats
% des personnes avec chaque résultat
Percentile par nombre de réponses
Votre historique - résultats
Vous n’avez pas pris ce quiz depuis la dernière actualisation